000 00597cam a2200217 4500
001 4077563
005 20180205033846.0
008 720327s1972 nyua b 001 0 eng
010 _a 72001803
020 _a047156575X
040 _aDLC
_cDLC
_dDLC
041 _aeng
080 _a658.4012 MAL
082 0 0 _a658.4012 MAL
_219
100 1 _a54
101 _aMEN
245 1 0 _aManaging by objectives;
504 _aIncludes bibliographical references.
906 _a7
_bcbc
_corignew
_d1
_eocip
_f19
_gy-gencatlg
942 _2ddc
_cBK
999 _c41721
_d41721